000 01390nam a22002177a 4500
005 20240314142857.0
010 _aB-758471-477
020 _a9789393603036
_c895.00
035 _aB-758471-477
037 _bलोकभारती प्रकाशन
082 _a420
100 _aसहाय , निरंजन
_963356
245 _aकार्यालयी हिंदी और कंप्यूटर अनुप्रयोग/
_cनिरंजन सहाय
260 _aआगरा
_bलोकभारती प्रकाशन
_c 2023
270 _aपहली मंजिल,दरबारी बिल्डिंग महात्मा गाँधी मार्ग
_bप्रयागराज
_e211001
270 _a1-बी नेताजी सुभाष मार्ग दरियागंज
_bनई दिल्ली
_e110002
300 _a311पृ.;
_c23 सेमी.(सजिल्द)
700 _e
_961527
942 _2ddc
_cHN
_h420
_mसहाय
999 _c201316
_d201316